书目信息 |
| 题名: |
沉积岩石学
|
|
| 作者: | 朱筱敏 主编 | |
| 分册: | ||
| 出版信息: | 北京 石油工业出版社 2008.09 |
|
| 页数: | 483页 | |
| 开本: | 26cm | |
| 丛书名: | ||
| 单 册: | ||
| 中图分类: | P588.2 | |
| 科图分类: | ||
| 主题词: | 沉积岩石学--高等学校--教材 , 沉积岩石学 | |
| 电子资源: | ||
| ISBN: | 978-7-5021-6755-4 | |
| 000 | 00853nam0 2200253 450 | |
| 001 | 5173 | |
| 005 | 20181016164150.50 | |
| 010 | @a978-7-5021-6755-4@dCNY59.00 | |
| 100 | @a20081112d2008 em y0chiy50 ea | |
| 101 | 0 | @achi |
| 102 | @aCN@b110000 | |
| 105 | @aa z 000yy | |
| 200 | 1 | @a沉积岩石学@9chen ji yan shi xue@f朱筱敏主编 |
| 205 | @a4版 | |
| 210 | @a北京@c石油工业出版社@d2008.09 | |
| 215 | @a483页@c图@d26cm | |
| 300 | @a普通高等教育“十一五”国家级规划教材 高等院校石油天然气类规划教材 | |
| 330 | @a本书全面叙述了沉积岩石学的基础知识、基本原理和基本技能,介绍了沉积岩形成与演化,沉积岩的成分、结构和构造特征,沉积相类型及沉积相模式。 | |
| 606 | 0 | @a沉积岩石学@x高等学校@j教材 |
| 606 | 0 | @a沉积岩石学 |
| 690 | @aP588.2@v4 | |
| 701 | 0 | @a朱筱敏@9zhu xiao min@4主编 |
| 801 | 0 | @aCN@b91MARC@c20130904 |
| 905 | @aMuseLib@dP588.2@e138=4 | |
| 沉积岩石学/朱筱敏主编.-4版.-北京:石油工业出版社,2008.09 |
| 483页:图;26cm |
| 普通高等教育“十一五”国家级规划教材 高等院校石油天然气类规划教材 |
| ISBN 978-7-5021-6755-4:CNY59.00 |
| 本书全面叙述了沉积岩石学的基础知识、基本原理和基本技能,介绍了沉积岩形成与演化,沉积岩的成分、结构和构造特征,沉积相类型及沉积相模式。 |
| ● |
| 相关链接 |
|
|
|
|
正题名:沉积岩石学
索取号:P588.2/138=4
 
预约/预借
| 序号 | 登录号 | 条形码 | 馆藏地/架位号 | 状态 | 备注 |
| 1 | 1128454 | 211284545 | 第二样本阅览室/ [索取号:P588.2/138=4] | 在馆 | |
| 2 | 1128455 | 211284554 | 密集书库-资源管理系/ [索取号:P588.2/138=4] | 在馆 | |
| 3 | 1128456 | 211284563 | 第三借阅区/ [索取号:P588.2/138=4] | 在馆 | |
| 4 | 1128457 | 211284572 | 第三借阅区/ [索取号:P588.2/138=4] | 在馆 | |
| 5 | 1128458 | 211284581 | 第三借阅区/ [索取号:P588.2/138=4] | 在馆 |